| 000 | 00993nam a2200241 i 4500 | ||
|---|---|---|---|
| 001 | 187051 | ||
| 003 | SpMaBN | ||
| 005 | 20230906222815.0 | ||
| 008 | 170406s1992 sp | |||| |dspa d | ||
| 020 | _a84-7719-314-2 | ||
| 080 | _a929 Melville, Herman (082.2) | ||
| 080 | _a820(73) Melville, Herman 1.06(082.2) | ||
| 245 | 0 | 0 |
_aEnsayos en memoria de Herman Melville _b: actas del congreso celebrado en la Universidad de León, en el centenario de la muerte de Herman Melville, los días 19, 20, 21 y 22 de noviembre de 1991 / _ccoordinan esta edición, Isabel Anievas ... [et al.]. |
| 260 |
_aLeón : _bUniversidad, Secretariado de Publicaciones, _c[1992] |
||
| 300 |
_a168 p. ; _c24 cm. |
||
| 504 | _aReferencias bibliográficas. | ||
| 594 | _aTextos en español e inglés. | ||
| 600 | 1 | 7 |
_aMelville, Herman- _vHomenajes. _9162305 |
| 700 | 1 |
_aMelville, Herman. _980033 |
|
| 700 | 1 |
_aAnievas, Isabel. _9162306 |
|
| 710 | 2 |
_aUniversidad de León. _97200 |
|
| 852 |
_aES-MaACL _jL-31372 |
||
| 999 |
_c187051 _d187051 |
||